000 00665nam a22001577a 4500
003 OSt
005 20150927163245.0
008 150927b xxu||||| |||| 00| 0 eng d
040 _cRUA
082 _aATM.Sp. KON 2003 B058 Or.1
100 _91453
_aKONG, SOTHEARO.
245 _aStudy on impact of the special program for food security in kompong cham province, ការសិក្សាលើឥទ្ធិពលនៃកម្មវិធីពិសេសដើម្បីសន្តិសុខស្បៀងប្រចាំខេត្តកំពង់ចាម
260 _aPhnom Penh
_bRUA
_c2003
300 _a67p.
_bill.
_c29cm.
942 _2ddc
_cATMSP
999 _c1364
_d1364